<?xml version="1.0" encoding="UTF-8"?>
<record
    xmlns:xsi="http://www.w3.org/2001/XMLSchema-instance"
    xsi:schemaLocation="http://www.loc.gov/MARC21/slim http://www.loc.gov/standards/marcxml/schema/MARC21slim.xsd"
    xmlns="http://www.loc.gov/MARC21/slim">

  <leader>02087nam a2200481 u 4500</leader>
  <controlfield tag="001">58492</controlfield>
  <controlfield tag="005">20260428111440.0</controlfield>
  <controlfield tag="008">960313m19892007                    spa  </controlfield>
  <datafield tag="020" ind1=" " ind2=" ">
    <subfield code="a">9681664671</subfield>
  </datafield>
  <datafield tag="020" ind1=" " ind2=" ">
    <subfield code="a">9681627377</subfield>
  </datafield>
  <datafield tag="035" ind1=" " ind2=" ">
    <subfield code="a">58492</subfield>
  </datafield>
  <datafield tag="035" ind1=" " ind2=" ">
    <subfield code="a">(OCoLC)777288551</subfield>
  </datafield>
  <datafield tag="041" ind1=" " ind2=" ">
    <subfield code="a">spa</subfield>
  </datafield>
  <datafield tag="080" ind1=" " ind2=" ">
    <subfield code="a">A</subfield>
  </datafield>
  <datafield tag="082" ind1=" " ind2="4">
    <subfield code="a">321</subfield>
  </datafield>
  <datafield tag="100" ind1="1" ind2="0">
    <subfield code="a">Bobbio, Norberto,</subfield>
    <subfield code="d">1909-2004</subfield>
    <subfield code="4">aut</subfield>
    <subfield code="0">(isni)0000000121469332</subfield>
    <subfield code="0">(viaf)108336166</subfield>
    <subfield code="e">aut</subfield>
    <subfield code="9">242323</subfield>
  </datafield>
  <datafield tag="245" ind1="1" ind2="3">
    <subfield code="a">La teor&#xED;a de las formas de gobierno en la historia del pensamiento pol&#xED;tico</subfield>
  </datafield>
  <datafield tag="250" ind1=" " ind2=" ">
    <subfield code="a">2. ed.</subfield>
  </datafield>
  <datafield tag="260" ind1=" " ind2=" ">
    <subfield code="a">M&#xE9;xico :</subfield>
    <subfield code="b">Fondo de Cultura Econ&#xF3;mica,</subfield>
    <subfield code="c">1989, 2004, 2007.</subfield>
  </datafield>
  <datafield tag="300" ind1=" " ind2=" ">
    <subfield code="a">193 p&#xE1;ginas</subfield>
  </datafield>
  <datafield tag="490" ind1="0" ind2=" ">
    <subfield code="a">Obras de Politica y Derecho</subfield>
  </datafield>
  <datafield tag="520" ind1="3" ind2=" ">
    <subfield code="a">El autor plantea un analisis sobre las principales corrientes de la filosofia politica, desde una perspectiva conceptual, no historica. Con el tema de las formas de gobierno como eje central</subfield>
  </datafield>
  <datafield tag="600" ind1="1" ind2="7">
    <subfield code="a">Maquiavelo, Nicol&#xE1;s,</subfield>
    <subfield code="d">1469-1527</subfield>
    <subfield code="x">Pensamiento pol&#xED;tico</subfield>
    <subfield code="2">lemb</subfield>
    <subfield code="9">866504</subfield>
  </datafield>
  <datafield tag="600" ind1="1" ind2="7">
    <subfield code="a">Hobbes, Thomas,</subfield>
    <subfield code="d">1588-1679</subfield>
    <subfield code="x">Pensamiento pol&#xED;tico</subfield>
    <subfield code="2">lemb</subfield>
    <subfield code="9">866512</subfield>
  </datafield>
  <datafield tag="650" ind1=" " ind2="7">
    <subfield code="a">Teor&#xED;a pol&#xED;tica</subfield>
    <subfield code="2">lemb</subfield>
    <subfield code="9">37302</subfield>
  </datafield>
  <datafield tag="650" ind1=" " ind2=" ">
    <subfield code="a">Formas de gobierno</subfield>
    <subfield code="9">43704</subfield>
  </datafield>
  <datafield tag="650" ind1=" " ind2=" ">
    <subfield code="a">Pensamiento pol&#xED;tico</subfield>
    <subfield code="9">4306</subfield>
  </datafield>
  <datafield tag="650" ind1=" " ind2="7">
    <subfield code="a">Filosof&#xED;a pol&#xED;tica</subfield>
    <subfield code="2">lemb</subfield>
    <subfield code="9">1528</subfield>
  </datafield>
  <datafield tag="650" ind1=" " ind2="7">
    <subfield code="a">Estado</subfield>
    <subfield code="2">lemb</subfield>
    <subfield code="9">4297</subfield>
  </datafield>
  <datafield tag="650" ind1=" " ind2="7">
    <subfield code="a">Dictadura</subfield>
    <subfield code="2">lemb</subfield>
    <subfield code="9">144404</subfield>
  </datafield>
  <datafield tag="650" ind1=" " ind2=" ">
    <subfield code="a">Plat&#xF3;n, 427?-348 a.C. - Pensamiento pol&#xED;tico</subfield>
    <subfield code="9">78373</subfield>
  </datafield>
  <datafield tag="650" ind1=" " ind2=" ">
    <subfield code="a">Arist&#xF3;teles, 384-322 a.C. - Pensamiento pol&#xED;tico</subfield>
    <subfield code="9">78375</subfield>
  </datafield>
  <datafield tag="650" ind1=" " ind2=" ">
    <subfield code="a">Bodino, Juan - Pensamiento politico</subfield>
    <subfield code="9">131393</subfield>
  </datafield>
  <datafield tag="650" ind1=" " ind2=" ">
    <subfield code="a">Vico, Giambattista 1668-1744</subfield>
    <subfield code="9">179440</subfield>
  </datafield>
  <datafield tag="650" ind1=" " ind2=" ">
    <subfield code="a">Montesquieu, Charles de Secondat, Baron de1689-1755 - Pensamiento pol&#xED;tico</subfield>
    <subfield code="9">78398</subfield>
  </datafield>
  <datafield tag="650" ind1=" " ind2="7">
    <subfield code="a">Despotismo</subfield>
    <subfield code="2">lemb</subfield>
    <subfield code="9">750</subfield>
  </datafield>
  <datafield tag="650" ind1=" " ind2=" ">
    <subfield code="a">Hegel, Georg Wilhelm Friedrich, 1770-1831 - Pensamiento politico</subfield>
    <subfield code="9">78509</subfield>
  </datafield>
  <datafield tag="650" ind1=" " ind2=" ">
    <subfield code="a">Marx, Karl, 1818-1883 - Pensamiento pol&#xED;tico</subfield>
    <subfield code="9">7490</subfield>
  </datafield>
  <datafield tag="650" ind1=" " ind2=" ">
    <subfield code="a">Gobierno</subfield>
    <subfield code="9">16870</subfield>
  </datafield>
  <datafield tag="650" ind1=" " ind2="7">
    <subfield code="a">Pol&#xED;tica</subfield>
    <subfield code="2">lemb</subfield>
    <subfield code="9">2085</subfield>
  </datafield>
  <datafield tag="700" ind1="1" ind2="0">
    <subfield code="a">Fern&#xE1;ndez Santill&#xE1;n, Jos&#xE9; Florencio, </subfield>
    <subfield code="d">1953-</subfield>
    <subfield code="4">trl</subfield>
    <subfield code="0">(isni)0000000034677264</subfield>
    <subfield code="0">(viaf)5651821</subfield>
    <subfield code="e">trl</subfield>
    <subfield code="9">258408</subfield>
  </datafield>
  <datafield tag="942" ind1=" " ind2=" ">
    <subfield code="c">BOOK</subfield>
  </datafield>
  <datafield tag="999" ind1=" " ind2=" ">
    <subfield code="c">17387</subfield>
    <subfield code="d">17387</subfield>
  </datafield>
  <datafield tag="952" ind1=" " ind2=" ">
    <subfield code="0">0</subfield>
    <subfield code="1">0</subfield>
    <subfield code="4">0</subfield>
    <subfield code="7">0</subfield>
    <subfield code="8">GENERAL</subfield>
    <subfield code="a">BOCCI</subfield>
    <subfield code="b">BOCCI</subfield>
    <subfield code="d">2010-07-23</subfield>
    <subfield code="e">CIS (Corporacion Interuniversitaria de Servicios)</subfield>
    <subfield code="g">34850.00</subfield>
    <subfield code="i">C1092619</subfield>
    <subfield code="l">0</subfield>
    <subfield code="o">321 B663t 2007</subfield>
    <subfield code="p">0749227</subfield>
    <subfield code="r">2023-04-20 00:00:00</subfield>
    <subfield code="t">1</subfield>
    <subfield code="w">2023-04-20</subfield>
    <subfield code="y">BOOKR</subfield>
  </datafield>
  <datafield tag="952" ind1=" " ind2=" ">
    <subfield code="0">0</subfield>
    <subfield code="1">0</subfield>
    <subfield code="2">ddc</subfield>
    <subfield code="4">0</subfield>
    <subfield code="7">0</subfield>
    <subfield code="8">GENERAL</subfield>
    <subfield code="a">CARME</subfield>
    <subfield code="b">CARME</subfield>
    <subfield code="d">2007-11-28</subfield>
    <subfield code="e">Temis</subfield>
    <subfield code="f">COMP</subfield>
    <subfield code="g">40000.00</subfield>
    <subfield code="i">C975133</subfield>
    <subfield code="l">0</subfield>
    <subfield code="o">321 B663</subfield>
    <subfield code="p">01115945</subfield>
    <subfield code="r">2023-04-20 00:00:00</subfield>
    <subfield code="t">3</subfield>
    <subfield code="w">2023-04-20</subfield>
    <subfield code="y">BOOK</subfield>
  </datafield>
  <datafield tag="952" ind1=" " ind2=" ">
    <subfield code="0">0</subfield>
    <subfield code="1">0</subfield>
    <subfield code="4">0</subfield>
    <subfield code="7">0</subfield>
    <subfield code="8">GEN</subfield>
    <subfield code="a">BC</subfield>
    <subfield code="b">BC</subfield>
    <subfield code="d">1996-03-13</subfield>
    <subfield code="i">C95969</subfield>
    <subfield code="l">0</subfield>
    <subfield code="o">321 B663t</subfield>
    <subfield code="p">61000003911365</subfield>
    <subfield code="r">2023-04-20 00:00:00</subfield>
    <subfield code="t">4</subfield>
    <subfield code="w">2023-04-20</subfield>
    <subfield code="y">BOOK</subfield>
  </datafield>
  <datafield tag="952" ind1=" " ind2=" ">
    <subfield code="0">0</subfield>
    <subfield code="1">0</subfield>
    <subfield code="4">0</subfield>
    <subfield code="7">0</subfield>
    <subfield code="8">GENERAL</subfield>
    <subfield code="a">IEP</subfield>
    <subfield code="b">IEP</subfield>
    <subfield code="d">2005-06-08</subfield>
    <subfield code="e">Compras</subfield>
    <subfield code="i">C867694</subfield>
    <subfield code="l">0</subfield>
    <subfield code="o">A00030</subfield>
    <subfield code="p">0600042</subfield>
    <subfield code="r">2023-04-20 00:00:00</subfield>
    <subfield code="t">5</subfield>
    <subfield code="w">2023-04-20</subfield>
    <subfield code="y">BOOK</subfield>
  </datafield>
  <datafield tag="952" ind1=" " ind2=" ">
    <subfield code="0">0</subfield>
    <subfield code="1">0</subfield>
    <subfield code="4">0</subfield>
    <subfield code="7">0</subfield>
    <subfield code="8">GENERAL</subfield>
    <subfield code="a">B_N</subfield>
    <subfield code="b">B_N</subfield>
    <subfield code="d">2007-12-06</subfield>
    <subfield code="e">Libreria Interuniversitaria</subfield>
    <subfield code="g">34850.00</subfield>
    <subfield code="i">C984392</subfield>
    <subfield code="l">0</subfield>
    <subfield code="o">321 B663t 2004</subfield>
    <subfield code="p">0715677</subfield>
    <subfield code="r">2023-04-20 00:00:00</subfield>
    <subfield code="t">6</subfield>
    <subfield code="w">2023-04-20</subfield>
    <subfield code="y">BOOK</subfield>
  </datafield>
  <datafield tag="952" ind1=" " ind2=" ">
    <subfield code="0">0</subfield>
    <subfield code="1">0</subfield>
    <subfield code="4">0</subfield>
    <subfield code="7">0</subfield>
    <subfield code="8">GENERAL</subfield>
    <subfield code="a">CAUCA</subfield>
    <subfield code="b">CAUCA</subfield>
    <subfield code="d">2008-04-01</subfield>
    <subfield code="i">C993810</subfield>
    <subfield code="l">1</subfield>
    <subfield code="o">321 B663</subfield>
    <subfield code="p">6-10000003243927</subfield>
    <subfield code="r">2025-04-10 12:44:51</subfield>
    <subfield code="s">2025-03-11</subfield>
    <subfield code="t">7</subfield>
    <subfield code="w">2023-04-20</subfield>
    <subfield code="y">BOOK</subfield>
  </datafield>
  <datafield tag="952" ind1=" " ind2=" ">
    <subfield code="0">0</subfield>
    <subfield code="1">0</subfield>
    <subfield code="4">0</subfield>
    <subfield code="7">0</subfield>
    <subfield code="8">GENERAL</subfield>
    <subfield code="a">BYARU</subfield>
    <subfield code="b">BYARU</subfield>
    <subfield code="d">2011-12-12</subfield>
    <subfield code="i">C1133233</subfield>
    <subfield code="l">2</subfield>
    <subfield code="o">321/B663</subfield>
    <subfield code="p">01008112</subfield>
    <subfield code="q">2026-06-11</subfield>
    <subfield code="r">2026-05-06 16:27:13</subfield>
    <subfield code="s">2026-05-06</subfield>
    <subfield code="t">8</subfield>
    <subfield code="w">2023-04-20</subfield>
    <subfield code="y">BOOK</subfield>
  </datafield>
</record>
